| 000 | 00536nam a22001817a 4500 | ||
|---|---|---|---|
| 005 | 20231227132823.0 | ||
| 008 | 231227b |||||||| |||| 00| 0 eng d | ||
| 020 | _a97881 74767479 | ||
| 041 | _aeng | ||
| 082 |
_a624 _bKHA |
||
| 100 | _aKhanna P N. | ||
| 245 | _aIndian Practical Civil Engineers Handbook | ||
| 260 |
_aNew Delhi _bUBSPD Pvt. Ltd. _c1986 |
||
| 300 |
_a500p _bPb _c19 x 13 |
||
| 365 |
_aINR _b10762.50 _cRupaye |
||
| 500 | _aThe Metric System Measures of Length Square Measures Or Meaures Of Surface | ||
| 942 | _cRF | ||
| 999 |
_c356780 _d356780 |
||